000 00793nam a2200241Ia 4500
003 OSt
005 20221006170041.0
006 a|||||r|||| 00| 0
007 ta
008 221006b |||||||| |||| 00| 0 hin d
024 _a7,415
037 _cTheseses
040 _aFML
_cFML
_bhin
041 _2hin
_ahin
100 _aBandopadhyaya Neehar Ranjan Au.
_9680987
110 _aRabindra Bharatiya University. Faculty of Music and Fine Arts. Department of Music
_9680988
245 0 _aHindustani Shashtriya Sangeet Main Vishnupur Gharane Ka Yogdan
260 _c2002
300 _a104
_ccm.
700 _aRabindra Bharatiya University. Faculty of Music and Fine Arts. Department of Music
_9680989
942 _cDIS
_2CC
999 _c1122845
_d1122845